Football Players by Knees - Statistics

General Stats
  • This quiz has been taken 102 times
  • The average score is 5 of 12
Answer Stats
Picture Answer % Correct
Cristiano Ronaldo
95%
Adama Traoré
64%
Kylian Mbappé
47%
Lionel Messi
47%
Jude Bellingham
40%
Kevin De Bruyne
40%
Harry Kane
34%
Vinicius Junior
34%
Erling Haaland
33%
Ngolo Kanté
30%
Robert Lewandowski
14%
Zlatan Ibrahimović
12%
No matching quizzes found
Score Distribution
Percent of People with Each Score
Percentile by Number Answered
Your Score History
You have not taken this quiz